| 000 | 00905cab a2200229 4500 | ||
|---|---|---|---|
| 001 | WB3123-03 | ||
| 008 | 090401t1995 xxu||||| |||| 00| 0 eng d | ||
| 035 | _a(Sirsi) u2849 | ||
| 041 | _aeng | ||
| 245 | _aClause 71 raises liability fears | ||
| 260 | _c1995 | ||
| 350 | _a0 | ||
| 490 |
_aNew Civil Engineer _v(1132) 15 June 1995, 3(1) |
||
| 520 | _aAmendments to the ICE Conditions of Contract 5th and 6th editions to cover the CDM regulations have been criticised by engineers. Changes to the health and safety plan by the planning supervisor or the principle contractor will be deemed to be an engineer`s instruction. | ||
| 650 | _aCONDAM REGULATIONS | ||
| 650 | _aCONSTRUCTION (DESIGN AND MANAGEMENT) REGULATIONS 1994 | ||
| 650 | _aENGINEERS INSTRUCTIONS | ||
| 650 | _aICE CONDITIONS OF CONTRACT | ||
| 690 | _aBUILT ENVIRONMENT-BUILDING CONTRACT FORMS | ||
| 942 | _n0 | ||
| 948 | _c04/03/1997 | ||
| 999 |
_c1713 _d1713 |
||